Bioplasty - perspektívne obalové materiály

Bioplasty ako konkurenčný materiál konvenčným plastom vyrábaným z ropy. Technologický vývoj bioplastov. Bioplasty a odpady.

Na minha lista:
Detalhes bibliográficos
Autor principal: Kačeňák, Igor
Outros Autores: Surówka, K., Jaworska, G., Dandár, A.
Formato: Capítulo de Livro
Idioma:eslovaco
Assuntos:
Tags: Adicionar Tag
Sem tags, seja o primeiro a adicionar uma tag!

MARC

LEADER 00000nla$a2200000$$$4500
001 0120957
005 20240502072355.0
041 0 |a slo 
044 |a SK 
245 1 0 |a Bioplasty - perspektívne obalové materiály  |c Igor Kačeňák, K. Surówka, G. Jaworska, A. Dandár 
520 |a Bioplasty ako konkurenčný materiál konvenčným plastom vyrábaným z ropy. Technologický vývoj bioplastov. Bioplasty a odpady. 
610 2 0 |a obaly 
610 2 0 |a technika obalová 
610 2 0 |a balenie 
610 2 0 |a technológia 
610 2 0 |a odpad 
100 1 |a Kačeňák, Igor 
700 1 |a Surówka, K. 
700 1 |a Jaworska, G. 
700 1 |a Dandár, A.